000 00567nam a22001577a 4500
003 OSt
005 20151103110049.0
008 151103b xxu||||| |||| 00| 0 eng d
040 _cRUA
082 _aFOR នន់ 1995​ B121 Or.1
100 _93256
_aនន់ វីរភាព
245 _aសិក្សាលក្ខណៈជីវសាស្រ្តដើមប្រេងខ្យល់ក្នុងដំណាក់កាលកំពុងសូតលាស់
260 _aPhnom Penh
_bRUA
_c1995
300 _a93p.
_bill.
_c29cm.
942 _2ddc
_cFOR
999 _c3040
_d3040